[Event "Let's Play Chess!"]
[Site "http://www.queenalice.com/game.php?id=340429"]
[Date "2008.1.22"]
[Round "-"]
[White "dvdrdlph"]
[Black "karpovl"]
[Result "1-0"]
[WhiteElo "1100"]
[BlackElo "1470"]

1. Nf3 h5 2. d4 e6 3. c3 d5 4. b3 a5 5. a3 a4 6. h4 Qd6 7. b4 Nf6 8. Qd3 b6 9.
Ng5 g6 10. g3 Bh6 11. Bf4 Qc6 12. Nd2 Ba6 13. Qc2 O-O 14. Ndf3 Nbd7 15. Bg2 Bc4
16. O-O Bb3 17. Qb1 Qxc3 18. Bd2 Qc4 19. Rc1 Qxe2 20. Bh1 Ne4 21. Nxe4 Bxd2 22.
Nfxd2 dxe4 23. Nxe4 Bc2 24. Rxc2 Qd3 25. Kh2 Qxd4 26. Qa2 Nf6 27. Rd2 Qe5 28.
Rad1 Nxe4 29. Rd4 Rad8 30. Rxd8 Nd6 31. Rd7 Ne4 32. Bxe4 Qxe4 33. Rxc7 f5 34.
Rd2 f4 35. Rdd7 Qe5 36. Qc2 Qf6 37. Qd2 e5 38. Rd6 fxg3+ 39. Kxg3 Qf3+ 40. Kh2
Rf7 41. Rxg6+ Kh7 42. Qh6# 1-0

[Event "Let's Play Chess!"]
[Site "http://www.queenalice.com/game.php?id=341472"]
[Date "2008.1.23"]
[Round "-"]
[White "dvdrdlph"]
[Black "InsaneCannibalElf"]
[Result "1-0"]
[WhiteElo "1377"]
[BlackElo "1850"]

1. Nf3 Nc6 2. c4 Nf6 3. e3 e5 4. Nc3 Bb4 5. Nh4 d6 6. Qa4 Bd7 7. Qd1 Qe7 8. a3
Bxc3 9. dxc3 Ne4 10. Qh5 O-O-O 11. f3 g6 12. Qh6 Nf6 13. Qg5 h6 14. Qg3 g5 15.
b3 gxh4 16. Qxh4 1-0

[Event "Let's Play Chess!"]
[Site "http://www.queenalice.com/game.php?id=341473"]
[Date "2008.1.23"]
[Round "-"]
[White "dvdrdlph"]
[Black "marvgiff"]
[Result "0-1"]
[WhiteElo "1443"]
[BlackElo "1472"]

1. d3 d5 2. b3 e5 3. Nf3 Nc6 4. g3 Bg4 5. Nbd2 Bb4 6. a3 Bxd2+ 7. Nxd2 e4 8. Bb2
exd3 9. f3 dxc2 10. Qxc2 Bh5 11. h4 Nf6 12. Bh3 Qd6 13. f4 Ng4 14. Bxg7 Rg8 15.
Bc3 O-O-O 16. b4 d4 17. Qf5+ Kb8 18. Bb2 Ne3 19. Qe4 Rde8 20. Qxh7 Bxe2 21. Qxf7
Nc2+ 22. Kf2 Nxa1 23. Rxa1 d3 24. Rc1 a6 25. Rc5 b6 26. Rd5 Qh6 27. Bg2 Bh5 28.
Qxh5 Re2+ 29. Kf1 Qxh5 30. Rxh5 Ne7 31. Bf3 Rxd2 32. Bc1 Rc2 33. Rg5 Rxc1+ 34.
Kf2 d2 35. h5 Rd8 36. Kg2 Rc2 37. Kh3 d1=Q 38. Bxd1 Rxd1 39. Kg4 Ra1 40. Rg7 Nd5
41. Rg8+ Kb7 42. Kg5 Nxf4 43. h6 Ne6+ 44. Kg6 Rg2 45. Kh7 Rxa3 46. Rg6 Nf8+ 0-1

[Event "Let's Play Chess!"]
[Site "http://www.queenalice.com/game.php?id=343978"]
[Date "2008.1.28"]
[Round "-"]
[White "lucianovdemelo"]
[Black "dvdrdlph"]
[Result "0-1"]
[WhiteElo "1374"]
[BlackElo "1377"]

1. d4 h6 2. c4 d6 3. Nc3 g5 4. Nf3 Nd7 5. e4 c5 6. d5 Nb6 7. b3 Bg7 8. Bd3 Bxc3+
9. Bd2 Bxd2+ 10. Qxd2 Nd7 11. O-O Ngf6 12. Qc2 e5 13. dxe6 fxe6 0-1

[Event "Let's Play Chess!"]
[Site "http://www.queenalice.com/game.php?id=345492"]
[Date "2008.1.30"]
[Round "-"]
[White "dvdrdlph"]
[Black "Pittacus"]
[Result "0-1"]
[WhiteElo "1377"]
[BlackElo "900"]

1. d4 d5 2. h3 Nc6 3. e3 g6 4. c3 Bg7 5. Nf3 e5 6. h4 e4 7. Ne5 Nxe5 8. dxe5
Bxe5 9. f4 exf3 10. Qxf3 Bf5 11. Bd2 Nf6 12. Na3 Qd7 13. Nb5 a6 14. e4 dxe4 15.
Qe2 axb5 16. Qe3 Nd5 17. Qc5 b6 18. Qf2 Bf4 19. O-O-O Qe6 20. Bxb5+ c6 21. Qd4
Rxa2 22. Bxf4 cxb5 23. Qxh8+ Ke7 24. Bd2 e3 25. Rhe1 Ra1# 0-1

[Event "Let's Play Chess!"]
[Site "http://www.queenalice.com/game.php?id=380883"]
[Date "2008.4.2"]
[Round "-"]
[White "SRIVERO"]
[Black "dvdrdlph"]
[Result "1-0"]
[WhiteElo "1770"]
[BlackElo "1390"]

1. e4 e5 2. Nf3 Qe7 3. Bc4 h5 4. d4 Nf6 5. dxe5 Qb4+ 6. Nbd2 Nxe4 7. c3 Nxc3 8.
bxc3 Qxc3 9. Bxf7+ Kd8 10. Rb1 Qa5 11. O-O Rh6 12. a4 h4 13. Nc4 Qa6 14. Bxh6
Qxh6 15. e6 h3 16. Rxb7 Bxb7 17. Qxd7+ Nxd7 18. exd7 Kxd7 19. Rd1+ Ke7 20. Nfe5
Bc8 21. Re1 Be6 22. Bxe6 c5 23. Bd5 Qh7 24. Bxa8 g5 25. Ng4+ Kd8 26. Rd1+ Kc7
27. Nce5 Qc2 28. Rd7+ Kb8 29. gxh3 c4 30. Nc6+ Kc8 31. Nge5 Qxa4 32. Bb7# 1-0

[Event "Let's Play Chess!"]
[Site "http://www.queenalice.com/game.php?id=683985"]
[Date "2009.11.16"]
[Round "-"]
[White "dvdrdlph"]
[Black "MontereyMatt"]
[Result "1-0"]
[WhiteElo "1388"]
[BlackElo "1728"]

1. e4 e5 2. Nf3 d6 3. d4 exd4 4. Nxd4 Nf6 5. Nc3 g6 6. Bg5 Bg7 7. Nd5 c5 8. Nb5
Na6 9. Nxd6+ Qxd6 10. Nxf6+ Ke7 11. Ne8+ Kxe8 12. Qxd6 Bxb2 13. Qe7# 1-0

[Event "Let's Play Chess!"]
[Site "http://www.queenalice.com/game.php?id=684601"]
[Date "2009.11.17"]
[Round "-"]
[White "dvdrdlph"]
[Black "talisman77"]
[Result "1-0"]
[WhiteElo "1568"]
[BlackElo "1786"]

1. e4 c5 2. Bd3 d6 3. c4 Nf6 4. Nf3 Bg4 5. Nc3 Nc6 6. Be2 e5 7. O-O Qd7 8. d3
Be7 9. Nd5 Nxd5 10. cxd5 Nd4 11. Nxd4 Bxe2 12. Nxe2 O-O 13. f4 exf4 14. Rxf4 Bf6
15. Ng3 Bg5 16. Qg4 Qxg4 17. Rxg4 Bxc1 18. Rxc1 b6 19. Nf5 g6 20. Nxd6 Kg7 21.
e5 Rad8 22. Nf5+ Kh8 23. Ne7 Rde8 24. Nc6 a5 25. Rf4 Kg7 26. Rcf1 Kg8 27. d6 Rd8
28. Nxd8 1-0

[Event "Let's Play Chess!"]
[Site "http://www.queenalice.com/game.php?id=684602"]
[Date "2009.11.17"]
[Round "-"]
[White "newblockader"]
[Black "dvdrdlph"]
[Result "0-1"]
[WhiteElo "1651"]
[BlackElo "1670"]

1. e4 e5 2. Nf3 Nc6 3. Bb5 Nd4 4. Nxd4 Bc5 5. Nb3 c6 6. Nxc5 cxb5 7. Qh5 d6 8.
Nd3 Nf6 9. Qf3 Bg4 10. Qe3 O-O 11. O-O Be6 12. b3 Ng4 13. Qg3 f5 14. exf5 Bxf5
15. Bb2 Qb6 16. Nc3 Bxd3 17. cxd3 Nf6 18. Ne4 Nd5 19. Ba3 b4 20. Bb2 Nf4 21. Qe3
Qxe3 22. dxe3 Nxd3 23. Rab1 d5 24. Nd6 Rf6 25. Nxb7 Rb6 26. Na5 Ra6 27. Nb7 Rb8
28. Rfd1 Nxb2 29. Rxb2 Rxb7 30. Rxd5 Rc6 31. g3 Re6 32. Rbd2 Ree7 33. Rd8+ Kf7
34. f4 exf4 35. exf4 a6 36. Rh8 h6 37. Rdd8 Rec7 38. f5 Rc1+ 39. Kg2 Rc2+ 40.
Kh3 Rxa2 41. Rdf8+ Ke7 42. g4 Rc7 43. Re8+ Kf6 44. Re6+ Kg5 45. Rg6+ Kf4 46. Rd8
Rc3+ 47. Kh4 Rxh2# 0-1

[Event "Let's Play Chess!"]
[Site "http://www.queenalice.com/game.php?id=684603"]
[Date "2009.11.17"]
[Round "-"]
[White "dvdrdlph"]
[Black "newblockader"]
[Result "1-0"]
[WhiteElo "1470"]
[BlackElo "1679"]

1. Nf3 Nf6 2. Nc3 d5 3. Nd4 e5 4. Nb3 d4 5. Na4 b5 6. Nac5 Bxc5 7. Nxc5 Qd5 8.
b4 O-O 9. a4 c6 10. axb5 cxb5 11. e3 dxe3 12. dxe3 Qxd1+ 13. Kxd1 Rd8+ 14. Ke1
Nc6 15. Bd2 Nxb4 16. Bxb4 Bf5 17. c3 Nd7 18. Nb7 Rdb8 19. Nd6 Be6 20. Bxb5 f6
21. Bc6 Rxb4 22. cxb4 Rb8 23. Bxd7 Bxd7 24. Rxa7 Bc6 25. Rc7 Ba4 26. e4 Rxb4 27.
Rc8+ 1-0

[Event "Let's Play Chess!"]
[Site "http://www.queenalice.com/game.php?id=684604"]
[Date "2009.11.17"]
[Round "-"]
[White "jcmulatinho"]
[Black "dvdrdlph"]
[Result "0-1"]
[WhiteElo "1350"]
[BlackElo "1693"]

1. d4 d5 2. e3 Bd7 3. Nc3 c6 4. h3 Nf6 5. Bd3 e6 6. a3 Bd6 7. Nf3 O-O 8. g3 Bc8
9. O-O Nbd7 10. Ng5 h6 11. Nf3 Re8 12. b4 e5 13. dxe5 Nxe5 14. Nxe5 Bxe5 15. Bb2
Bxh3 16. Re1 Ne4 17. Nxe4 Bxb2 18. Rb1 dxe4 19. Qh5 Bxa3 20. Qxh3 exd3 21. Qf5
d2 22. Rf1 Bxb4 23. Qg4 a5 24. Qe2 b6 25. Rfd1 Qf6 26. Rb3 c5 27. Rd3 Rad8 28.
Rxd8 Rxd8 29. f4 Qg6 0-1

[Event "Let's Play Chess!"]
[Site "http://www.queenalice.com/game.php?id=684611"]
[Date "2009.11.17"]
[Round "-"]
[White "dvdrdlph"]
[Black "robertson"]
[Result "1-0"]
[WhiteElo "1646"]
[BlackElo "1595"]

1. e4 e6 2. d4 Bb4+ 3. c3 Be7 4. Qg4 g6 5. Bc4 Nf6 6. Qf3 c6 7. e5 Nh5 8. Nd2 b5
9. Bxb5 Qb6 10. Bd3 Bb7 11. Nc4 Qc7 12. Ne2 a5 13. Nf4 d6 14. Nxh5 gxh5 15. exd6
Bxd6 16. Qxh5 Ba6 17. Nxd6+ Qxd6 18. Qxa5 Bb7 19. Qg5 Nd7 20. Qg7 O-O-O 21. Qxf7
c5 22. O-O h5 23. Bb5 Qd5 24. Bxd7+ Rxd7 25. Qg6 h4 26. dxc5 h3 27. c6 Bxc6 28.
f3 hxg2 29. Qxg2 Rhh7 30. Bf4 Rdg7 31. Bg3 Rg6 32. Qc2 Qc5+ 33. Qf2 Qb5 34. Rad1
Qh5 35. Rd2 e5 36. f4 e4 37. f5 Rf6 38. Qb6 Rd7 39. Qb8# 1-0

[Event "Let's Play Chess!"]
[Site "http://www.queenalice.com/game.php?id=684612"]
[Date "2009.11.17"]
[Round "-"]
[White "vulture"]
[Black "dvdrdlph"]
[Result "0-1"]
[WhiteElo "1577"]
[BlackElo "1531"]

1. e4 e5 2. Nf3 Bd6 3. Bc4 Bb4 4. Nxe5 d6 5. Nxf7 Qe7 6. Nxh8 Qxe4+ 7. Be2 Qxg2
8. Bf3 Qg5 9. Kf1 Ne7 10. Rg1 Bh3+ 11. Bg2 Qf5 12. c3 Ba5 13. d3 Nbc6 14. Be3
O-O-O 15. f3 Rxh8 16. Nd2 Qxd3+ 17. Kf2 Bxg2 18. Rxg2 Nf5 19. b4 Qxe3+ 20. Kf1
Qxc3 21. bxa5 Ne3+ 22. Kg1 Nxd1 23. Rxd1 Nxa5 24. Rf2 Qc2 25. Rdf1 Qxa2 26. Ne4
Qc4 27. Ng5 Qf4 28. Ne6 Qe3 29. Nxg7 Rg8 30. Kg2 Rxg7+ 31. Kh3 Qh6# 0-1

[Event "Let's Play Chess!"]
[Site "http://www.queenalice.com/game.php?id=684613"]
[Date "2009.11.17"]
[Round "-"]
[White "dvdrdlph"]
[Black "Nikita"]
[Result "1-0"]
[WhiteElo "1616"]
[BlackElo "1647"]

1. e4 e6 2. Nf3 Bc5 3. d4 Bb4+ 4. Bd2 Bxd2+ 5. Nbxd2 Nf6 6. Bb5 c6 7. Bd3 b5 8.
O-O Bb7 9. Nb3 Qc7 10. e5 Nd5 11. a4 f6 12. axb5 cxb5 13. Bxb5 fxe5 14. Nxe5 a6
15. Qh5+ g6 16. Nxg6 Nf4 17. Nxf4+ Kf8 18. Ng6+ Kg8 19. Nxh8 Kxh8 20. Bd3 d5 21.
Qe8+ Kg7 22. Nc5 Bc8 23. Rfe1 Nc6 24. Rxe6 Nxd4 25. Re7+ Qxe7 26. Qxe7+ Kh6 27.
h4 Rb8 28. Qxh7# 1-0

[Event "Let's Play Chess!"]
[Site "http://www.queenalice.com/game.php?id=684614"]
[Date "2009.11.17"]
[Round "-"]
[White "chessman"]
[Black "dvdrdlph"]
[Result "0-1"]
[WhiteElo "2122"]
[BlackElo "1531"]

1. e4 e5 2. Nf3 Nf6 3. Nxe5 Bd6 4. Nf3 Ng4 5. Bc4 Qe7 6. O-O O-O 7. d3 Nc6 8.
Nc3 Nce5 9. Nxe5 Qxe5 10. f4 Qd4+ 11. Kh1 Nf2+ 12. Rxf2 Qxf2 13. Nd5 c6 14. Be3
Qh4 15. g3 Qh3 16. Nc3 Bb4 17. Ne2 d5 18. exd5 Bg4 0-1

[Event "Let's Play Chess!"]
[Site "http://www.queenalice.com/game.php?id=711477"]
[Date "2010.1.10"]
[Round "-"]
[White "dvdrdlph"]
[Black "Killersugus"]
[Result "1/2-1/2"]
[WhiteElo "1754"]
[BlackElo "1885"]

1. e4 e6 2. Nf3 b6 3. Nc3 Bb7 4. d3 Nf6 5. e5 Nd5 6. Nxd5 Bxd5 7. Be2 d6 8. c4
Bb7 9. O-O Nd7 10. Qa4 Be7 11. d4 O-O 12. Qb5 a6 13. Qa4 c5 14. exd6 Bxd6 15.
Bg5 Qc7 16. g3 h6 17. Be3 Rfd8 18. Rfe1 Bc6 19. Qc2 Qb7 20. dxc5 Bxc5 21. Bxc5
Nxc5 22. Ne5 Rd6 23. b4 Nd7 24. Nxc6 Qxc6 25. Rad1 Rxd1 26. Rxd1 Ne5 27. f4 Nf3+
28. Bxf3 Qxf3 29. Rd3 Qc6 30. Rd4 a5 31. a3 axb4 32. axb4 g6 33. Qe2 Ra1+ 34.
Rd1 Rxd1+ 35. Qxd1 Qxc4 36. Qd8+ Kg7 37. Qxb6 h5 38. b5 Qc1+ 39. Kg2 Qc2+ 40.
Qf2 Qe4+ 41. Qf3 Qc2+ 42. Qf2 Qe4+ 43. Qf3 Qc2+ 44. Qf2 Qe4+ 45. Qf3 Qc2+
1/2-1/2

[Event "Let's Play Chess!"]
[Site "http://www.queenalice.com/game.php?id=711478"]
[Date "2010.1.10"]
[Round "-"]
[White "Lesser"]
[Black "dvdrdlph"]
[Result "0-1"]
[WhiteElo "1867"]
[BlackElo "1697"]

1. e4 e5 2. Nf3 Nc6 3. Bb5 a6 4. Bxc6 dxc6 5. Nxe5 Qd4 6. Nf3 Qxe4+ 7. Qe2 Bf5
8. d3 Qxe2+ 9. Kxe2 O-O-O 10. Re1 Nf6 11. Kf1 Bb4 12. Bd2 Nd5 13. Ne5 Bxd2 14.
Nxd2 Nb4 15. Rec1 Rde8 16. Nxf7 Rhf8 17. Ng5 Nxc2 18. Rab1 Bxd3+ 19. Kg1 Nd4 0-1

[Event "Let's Play Chess!"]
[Site "http://www.queenalice.com/game.php?id=711481"]
[Date "2010.1.10"]
[Round "-"]
[White "dvdrdlph"]
[Black "Lesser"]
[Result "1-0"]
[WhiteElo "1727"]
[BlackElo "1861"]

1. e4 e5 2. Nf3 Nc6 3. d4 exd4 4. Nxd4 Nxd4 5. Qxd4 c5 6. Qe5+ Qe7 7. Qxe7+ Nxe7
8. Nc3 a6 9. Bd3 b5 10. O-O h6 11. e5 Bb7 12. Rd1 c4 13. Be4 Bxe4 14. Nxe4 Nf5
15. Bf4 Be7 16. Rd5 g5 17. Bd2 O-O-O 18. Rd1 b4 19. Nd6+ Bxd6 20. exd6 Ng7 21.
Rc5+ Kb7 22. Rc7+ Kb6 23. Be3+ Kb5 24. Rd5+ Ka4 25. Bb6 b3 26. Rxc4# 1-0

[Event "Let's Play Chess!"]
[Site "http://www.queenalice.com/game.php?id=711482"]
[Date "2010.1.10"]
[Round "-"]
[White "Killersugus"]
[Black "dvdrdlph"]
[Result "1/2-1/2"]
[WhiteElo "1895"]
[BlackElo "1760"]

1. d4 Nf6 2. Bg5 c5 3. Bxf6 exf6 4. c3 Qb6 5. Qc1 cxd4 6. cxd4 Bb4+ 7. Nd2 Nc6
8. e3 O-O 9. a3 Bxd2+ 10. Qxd2 Na5 11. Rd1 d5 12. Bd3 Be6 13. Ne2 Rac8 14. O-O
Nb3 15. Qe1 Rfe8 16. Bb1 Na5 17. Nc3 Qxb2 18. Ne2 Nc4 19. Bd3 Nxa3 20. Qa5 a6
21. Ra1 Nc4 22. Bxc4 dxc4 23. Nf4 Qb5 24. Rfb1 Qxa5 25. Rxa5 c3 26. Rc1 Bg4 27.
Rc5 Rxc5 28. dxc5 Rd8 29. f3 Be6 30. Rxc3 Rc8 31. Kf2 b5 32. Ra3 Rxc5 33. Nxe6
Rc2+ 34. Kg3 fxe6 35. Rxa6 e5 36. Rb6 Rb2 37. h4 b4 38. h5 h6 39. Rb8+ Kh7 40.
e4 b3 41. Kh3 Rb1 42. Kg4 Rg1 43. g3 Rb1 44. Rc8 b2 45. Rb8 g5 46. Rb7+ Kg8 47.
Kf5 Rf1 48. Rxb2 Rxf3+ 49. Kg6 Kf8 50. Rb7 Rxg3 51. Kxf6 Rf3+ 52. Kxe5 Kg8 53.
Rb6 Kh7 54. Rb7+ Kh8 55. Rb6 Kh7 56. Ke6 g4 57. Rb2 g3 58. Rg2 Kg8 59. e5 Kg7
60. Kd5 Kf7 61. Ke4 Ra3 62. Kf5 Ke7 63. Kg6 Ke6 64. Kxh6 Kf5 65. Kg7 Kxe5 66. h6
Kf4 67. h7 Ra7+ 68. Kg8 Kf3 69. Rb2 g2 70. Rb1 Ra8+ 71. Kg7 Kf2 72. h8=Q Rxh8
73. Kxh8 g1=Q 74. Rxg1 Kxg1 75. Kg7 Kg2 1/2-1/2